000 00800nam a2200229 a 4500
001 000019888
005 20200929170158.0
008 100708s1978 mx a r 000 0 spa d
020 _a9682600073
040 _aDO-SdBNP
_bspa
_cBNPHU
082 _axxx
_bD252c
100 1 _aDavidson, Sidney
_942425
245 1 0 _aContabilidad para la inflación :
_bguía para el contador y analisis financiero /
_cSidney Davidson , Clyde P. Stickney , Roman L. Weil.
250 _a2a reimp.
260 _aMéxico D. F. :
_bEditorial Continental,
_c1978.
300 _a272 p. :
_bil. ;
_c23 cm.
500 _aIncluye información biográfica de los autores en la contracubierta.
500 _aIncluye índice alfabético.
700 1 _aStickeny, Clyde
_942426
700 1 _aWeil, Roman L.
_942427
049 _aBNGR
999 _c19401
_d19401